000 00294nam a22001337a 4500
008 181217b xxu||||| |||| 00| 0 eng d
020 _a9780721601946
041 _aeng
080 _22 TH
_a616
100 _a9
101 _aPAT
245 _aReview Of Pathology
_cKumar.K
942 _2udc
_cBK
999 _c53212
_d53212